Central Library OPAC University of Rajshahi
Normal view MARC view

Entry Topical Term

Number of records used in: 7

001 - CONTROL NUMBER

  • control field: 1947

003 - CONTROL NUMBER IDENTIFIER

  • control field: BD-RjUL

005 - DATE AND TIME OF LATEST TRANSACTION

  • control field: 20220321161154.0

008 - FIXED-LENGTH DATA ELEMENTS

  • fixed length control field: 220321|| aca||aabn | a|a d

040 ## - CATALOGING SOURCE

  • Original cataloging agency: BD-RjUL
  • Transcribing agency: BD-RjUL

150 ## - HEADING--TOPICAL TERM

  • Topical term or geographic name entry element: Book covers -- Great Britain -- History -- 20th century

670 ## - SOURCE DATA FOUND

  • Source citation: Work cat.: (BD-RjUL)79286: সুতার, সুভাস চন্দ্র 1004, বাংলাদেশের পাঠ্যপুুস্তকেের অলন্করণ ও অঙ্গসজ্জা (১৯৯৭১ -২০০৬) /, ২০১১